| 000 | 01083cam a22002533a 4500 | ||
|---|---|---|---|
| 001 | 1751 | ||
| 003 | PGUSA | ||
| 005 | 20140828083006.0 | ||
| 008 | 990501s1999||||xxu|||||s|||||000 | eng d | ||
| 040 |
_aPGUSA _beng |
||
| 042 | _adc | ||
| 050 | 4 | _aPS | |
| 050 | 4 | _aPZ | |
| 100 | 1 |
_aPyle, Howard, _d1853-1911 |
|
| 245 | 1 | 0 |
_aTwilight Land _h[electronic resource] / _cHoward Pyle |
| 260 |
_bProject Gutenberg, _c1999 |
||
| 505 | 0 | _aIntroduction -- The stool of fortune -- The talisman of Solomon -- Ill-luck and the fiddler -- Empty bottles -- Good gifts and a fool's folly -- The good of a few words -- Woman's wit -- A piece of good luck -- The fruit of happiness -- Not a pin to choose -- Much shall have more and little shall have less -- Wisdom's wages and folly's pay -- The enchanted island -- All things are as fate wills -- Where to lay the blame -- The salt of life. | |
| 506 | _aPublic domain in the USA. | ||
| 516 | _aElectronic text | ||
| 653 | _aFairy tales | ||
| 830 | 0 |
_aProject Gutenberg _v1751 |
|
| 856 | 4 | 0 | _uhttp://www.gutenberg.org/ebooks/1751 |
| 942 | _cEB | ||
| 999 |
_c231097 _d231097 |
||